000 00986nam0a22002531 4500
001 rc\3417376
005 20260406135012.0
021 _aRU
_b[75-9765]
035 _a(NLR Aleph) 007580631
090 _a5504549
_c5504549
100 _a20130115d1974 |||y0rusy50 ca
101 0 _arus
102 _aRU
105 _ay z |||||
200 1 _aРекомендации по возделыванию цитрусовых культур в Таджикской ССР
_fМ-во сел. хоз-ва ТаджССР. Тадж. науч.-исслед. ин-т земледелия
210 _aДушанбе
_cБ. и.
_d1974
215 _a24 с.
_d20
606 _aЦитрусовые культуры
_xВозделывание
_yТаджикская ССР
_2psbo
712 0 2 _aТаджикский НИИ земледелия
_cДушанбе
_3RU\NLR\AUTH\889917984
_9332112
801 0 _aRU
_bNLR
_gpsbo
801 1 _aRU
_bELAR
_2rusmarc
852 _aNLR
_j74-4/39350
942 _cBOOK
980 _aNB